000 00211nam a2200109Ia 4500
100 _a#N/A
942 _cBK
654 _adoom 3
245 _aDoom 3 / Mobile/ Internet
260 _b#N/A
_c2004
546 _aENGLISH
999 _c26537
_d26537